000 00750nam a2200265Ia 4500
003 OSt
005 20220918182203.0
006 a|||||r|||| 00| 0
007 ta
008 220917b |||||||| |||| 00| 0 eng d
024 _a31,113
037 _cTextual
040 _aARTS
_cARTS
_beng
041 _2eng
_aeng
082 _aO-xD, J4
100 _aBowyer John Wilson ed
_959839
245 0 _aVictorian age prose, poetry, and drama
260 _aEnglewood
_bCliffs Prentice-Hall
_c1954
300 _axix,1188p
_ccm.
500 _aBib 1017-1176p
650 _aENGLISH LITERATURE
700 _a Brooks John Lee ed
_959840
942 _hO-xD, J4
_cTEXL
_2CC
999 _c168102
_d168102